000 00339 a2200157 4500
001 18025
020 _a9788578411817
040 _cAnchieta - Bela Vista
100 _aSilva, Célia Cris
240 1 0 _aMaria do Pranto
_lpor
245 1 0 _aMaria do Pranto
300 _a24
362 0 _a2009
650 4 _aLiteratura juvenil
942 _cBK
999 _c18025
_d18025